000 00249nam a2200097Ia 4500
008 120527s9999 xx 000 0 und d
100 _aSauvain,P
245 _aGermany in the twentieth century teachers guide.
260 _bStanley Thomas
942 _cBK
999 _c22173
_d22173